JToH Towers - Zone 4 - Statistics

General Stats
  • This quiz has been taken 6 times
  • The average score is 12 of 16
Answer Stats
Acronym Tower % Correct
CoQ Citadel of Quadrilaterals
100%
Z4TR Zone 4 Tower Rush
100%
ToAAA Tower of Astronomically Aimless Annoyances
83%
ToET Tower of Elevator Travelling
83%
ToFaST Tower of Fun and Simple Trials
83%
ToMIM Tower of Mechanically Induced Mayhem
83%
ToPC Tower of Pure Chroma
83%
ToAC Tower of Aquatic Contemplation
67%
ToDDD Tower of Dance Dance Destruction
67%
ToFSC Tower of Fairly Simple Challenges
67%
ToSS Tower of Shifting Slopes
67%
ToTV Tower of Tornado Vehemence
67%
ToUID Tower of Up Is Down
67%
ToWW Tower of Wicked Wedges
67%
ToFG Tower of Funky Grooves
50%
ToIF Tower of Inevitable Failure
50%
No matching quizzes found
Score Distribution
Percent of People with Each Score
Percentile by Number Answered
Your Score History
You have not taken this quiz